Southville International School and Colleges
Your cart is empty.
  • Cart
  • Lists
    Public lists Eva Luna New books Lux_list list_1
    Your lists Log in to create your own lists
  • Log in to your account
  • Your cookies
  • Search history
Southville International School and Colleges
  • Advanced search
  • Recent comments
  • Most popular
  • Libraries

Log in to your account

Log in with GOOGLE


If you do not have an external account, but do have a local account, you can still log in:

  1. Home
  2. MARC view: Utts and Heckard's mind on statistics /
Normal view MARC view ISBD view

Utts and Heckard's mind on statistics / (Record no. 115682)

[ view plain ]
MARC details
000 -LEADER
fixed length control field 00626nam a2200193Ia 4500
008 - FIXED-LENGTH DATA ELEMENTS--GENERAL INFORMATION
fixed length control field 140429s9999 xx 000 0 und d
020 ## - INTERNATIONAL STANDARD BOOK NUMBER
International Standard Book Number 9780170183024
050 ## - LIBRARY OF CONGRESS CALL NUMBER
Classification number QA 276.12
Item number .M145 2011
100 ## - MAIN ENTRY--PERSONAL NAME
Personal name MacGillivray, Helen
245 ## - TITLE STATEMENT
Title Utts and Heckard's mind on statistics /
Statement of responsibility, etc Helen MacGillivray, Jessica M. Utts and Robert F. Heckard.
250 ## - EDITION STATEMENT
Edition statement 1st ed.
260 ## - PUBLICATION, DISTRIBUTION, ETC. (IMPRINT)
Place of publication, distribution, etc Australia :
Name of publisher, distributor, etc Brooks/Cole Cengage Learning,
Date of publication, distribution, etc c2011.
300 ## - PHYSICAL DESCRIPTION
Extent 556 p. :
Other physical details col. ill. ;
Dimensions 28 cm.
500 ## - GENERAL NOTE
General note Includes bibliographical references and index.
521 ## - TARGET AUDIENCE NOTE
Target audience note
650 ## - SUBJECT ADDED ENTRY--TOPICAL TERM
Topical term or geographic name as entry element Statistics.
942 ## - ADDED ENTRY ELEMENTS (KOHA)
Call number prefix Foreign
Koha item type Books
Holdings
Withdrawn status Lost status Source of classification or shelving scheme Damaged status Home library Current library Shelving location Date acquired Source of acquisition Cost, normal purchase price Total Checkouts Full call number Barcode Date last seen Price effective from Koha item type
    Library of Congress Classification   Archives Archives   04/29/2014 Donation 9072.00   QA 276.12 .M145 2011 C17024 10/30/2014 04/29/2014 Books

Utts and Heckard's mind on statistics /

APA

MacGillivray H., . (2011). Utts and Heckard's mind on statistics. Australia: Brooks/Cole Cengage Learning.

Chicago

MacGillivray Helen, . 2011. Utts and Heckard's mind on statistics. Australia: Brooks/Cole Cengage Learning.

Harvard

MacGillivray H., . (2011). Utts and Heckard's mind on statistics. Australia: Brooks/Cole Cengage Learning.

MLA

MacGillivray Helen, . Utts and Heckard's mind on statistics. Australia: Brooks/Cole Cengage Learning. 2011.

  • Place hold
  • Print
  • Cite
  • Add to your cart (remove)
  • Save record
    BIBTEX Dublin Core MARCXML MARC (non-Unicode/MARC-8) MARC (Unicode/UTF-8) MARC (Unicode/UTF-8, Standard) MODS (XML) RIS
  • More searches
    Search for this title in:
    Other Libraries (WorldCat) Other Databases (Google Scholar) Online Stores (Bookfinder.com) Open Library (openlibrary.org)

Exporting to Dublin Core...

SOUTHVILLE LIBRARY

Southville International School and Colleges Library

1281 Tropical Ave. Cor. Luxembourg St., BF Homes International, Las Pinas City

Tel. No. 8256374 / 252358 Loc. 117/146

Powered by Koha